01165nam a22003257a 4500003000800000005001700008008004100025020001500066040001800081041000800099082002300107100002400130245004300154260008600197300002100283505002300304505003600327505003900363505003900402505003200441505003700473505002600510505009300536505009800629505004600727650002000773650001500793653001300808653001800821IBSLLIB20260515085924.0260515b |||||||| |||| 00| 0 eng d a0297782665 aIBSLLIB beng hEng 26th ed. a330bLIP aLipsey , Richard G. aAn Introduction to Positive Economics  aLondon : bThe english language book society and weidenfeld and nicolson , c1963 a790 p ; c24 cm  aScope and methods  aThe Elementary theory of price  aThe Intermediate theory of demand  aThe Intermediate theory of supply  aThe Theory of distribution  aInternational trading relations  aMicroeconomic policy  aThe determination of national income with a fixed interest rate and a fixed price level  aThe Determination of national income with a variable interest rate and a variable price level aSome current issues in theory and policy  aSocial science  aEconomics  aEconomic aInternational